| 000 | 00542nam a2200181Ia 4500 | ||
|---|---|---|---|
| 008 | 220216s9999 xx 000 0 und d | ||
| 100 | _aDubinin S | ||
| 245 | 0 | _aThermoplastic vulcanizates based on polyethylene and styrene-butadiene rubber. Part.1. Theoretical aspects | |
| 260 |
_bKautschuk Gummi Kunststoffe _c2011 |
||
| 300 | _a20-23 | ||
| 650 | _aCompatibility | ||
| 650 | _aPolyethylene | ||
| 650 | _aStyrene-butadiene rubber | ||
| 650 | _aThermoplastic elastomer | ||
| 700 | _aDuchacek V | ||
| 700 | _aHrdlicka Z | ||
| 942 | _cJS | ||
| 999 |
_c71294 _d71294 |
||